000
00254nam a22001097a 4500
003
OSt
008
250123b |||||||| |||| 00| 0 eng d
041
_a
eng
100
_a
ADAMS
_9
6986
245
_a
Agricultural Extension in Developing Countries
942
_c
BK
999
_c
19113
_d
19113